| 000 | 01081nam a2200277 a 4500 | ||
|---|---|---|---|
| 001 | 000020898 | ||
| 003 | 000020898 | ||
| 005 | 20180320094245.0 | ||
| 008 | 100823s2007 dr ac 001 0 spa d | ||
| 040 |
_aBPMSU _bspa _cBPMSU |
||
| 082 | 0 | 4 |
_a324.63 _bB585a |
| 100 | 1 | _aBidó, Angel María | |
| 245 | 1 | 0 |
_a44 Años de elecciones democráticas en la República Dominicana 1962-2006 / _cAngel María Bidó ; Prólogo José A. Silié Gatón. |
| 246 | 1 | 3 | _aCuarenta y cuatro años de elecciones democráticas en la República Dominicana 1962-2006 |
| 260 |
_aSanto Domingo : _bVargas, _c2007. |
||
| 300 |
_a206 p. : _bil., retrs. _c22 cm. |
||
| 500 | _aIncluye datos biográficos del autor en la contracubierta | ||
| 650 | 4 |
_aELECCIONES _zREPÚBLICA DOMINICANA _y1962-2006 |
|
| 650 | 4 |
_aTÁCTICAS POLÍTICAS _zREPÚBLICA DOMINICANA |
|
| 650 | 4 |
_aSUFRAGIO _zREPÚBLICA DOMINICANA |
|
| 700 | 1 | 2 | _aSilié Gatón, José A. |
| 910 | _aValidado. Control de calidad MFF | ||
| 942 |
_2ddc _cBK |
||
| 945 | _aRemanejado para la BNPHU / VM | ||
| 956 |
_aVMATEO _b10 _c20150914 _lBPMSU _h0069 |
||
| 999 |
_c7130 _d7130 |
||